LEADER 01377nam a2200337 a 4500 001 000000152998 003 CaOOAMICUS 005 20160719094636.0 008 160719s2016 it u000 u ita r 020 $a978-88-14-18913-5* 032 $aLibriCat 040 $aPUL$bita 100 1 $aRuscello, Francesco.$0(OLS)http://pul/name/44657 245 10$aResponsabilità dei genitori :$bi controlli /$cFrancesco Riscello. 260 $aMilano :$bGiuffrè,$cİ2016. 300 $aXVII, 277 p. ;$c25 cm. 490 1 $aIl Codice civile.$aCommentario 500 $aInclude indici. 504 $aBibliografia in nota. 505 1 $aV. Artt. 330-335. 650 4$aGenitori$xResponsabilità civile.$0(OLS)http://pul/subject/40653 650 4$aCodice civile$zItalia$xCommenti.$0(OLS)http://pul/subject/33992 830 3$aIl Codice civile.$pCommentario.$0(OLS)http://pul/title/53143 850 $aPUL 852 $aPUL$W1$xSL Diritto e Scienze Sociali 3$y79$m300 A 1.330$j176199$qDDC 21$B178550$CPULBib$Z2$F178550 $H127982 $82 941 1 $a9 960 $aResponsabilità genitoriale$940653 996 $6020$a978-88-14-18913-5*$9(OLS)http://pul/number/160668 996 $6245$aResponsabilità dei genitori :$bi controlli$9(OLS)http://pul/title/192434 996 $6260$aMilano :$bGiuffrè$9(OLS)http://pul/publisher/48401 LEADER 01201nam a2200289 a 4500 001 000000171532 003 CaOOAMICUS 005 20190304131931.0 008 190304s2018 it u000 u ita r 020 $a978-88-401-6036-8* 032 $aLibriCat 040 $aPUL$bita 100 1 $aScaiola, Donatella,$d1958-$0(OLS)http://pul/name/48414 245 10$aDire Dio oggi: $btra religioni e culture /$ca cura Donatella Scaiola. 260 $aCittà del Vaticano :$bUrbaniana University Press,$cc2018. 300 $a367 p.;$b$c21 cm 490 1 $aMissiologia 504 $aContiene riferimenti bibliografici. 650 4$aMonoteismo$xreligioni comparate.$0(OLS)http://pul/subject/45847 830 0$aMissiologia.$0(OLS)http://pul/title/119627 850 $aPUL 852 $aPUL$W1$xSL Religione 3$y85$m231 SCADO 1$j195268$qDDC 21$B200149$CPULBib$Z2$F200149 $H132288 $82 941 1 $a9 996 $6020$a978-88-401-6036-8*$9(OLS)http://pul/number/165772 996 $6245$aDire Dio oggi: $btra religioni e culture$9(OLS)http://pul/title/212337 996 $6260$aCittà del Vaticano :$bUrbaniana University Press$9(OLS)http://pul/publisher/66922